Harry Potter by Picture - Statistics

General Stats
  • This quiz has been taken 38 times
  • The average score is 22 of 27
Answer Stats
Picture Answer % Correct
Harry Potter
100%
Ron Weasley
100%
Ginny Weasley
97%
Hermione Granger
97%
Lord Voldemort
97%
Albus Dumbledore
94%
Fred Weasley
94%
Remus Lupin/Moony
94%
Bellatrix Lestrange
90%
Luna Lovegood
90%
Neville Longbottom
90%
Rubeus Hagrid
90%
Severus Snape
90%
Draco malfoy
87%
Hedwig
87%
Dobby
84%
Dolores
84%
Minerva Mcgonagall
84%
Sirius Black/Padfoot
84%
Alastor Moody
81%
Scabbers/Wormtail/Peter Pettigrew
77%
James Potter/Prongs
68%
Crookshanks
65%
Fang
61%
Mrs. Norris
52%
Gringott's Dragon
35%
Albus Potter
29%
No matching quizzes found
Score Distribution
Percent of People with Each Score
Percentile by Number Answered
Your Score History
You have not taken this quiz